[Event "Sparkassen-Open B"]
[Site "Heusenstamm, Martinsee"]
[Date "2019.11.23"]
[Round "4.56"]
[White "Brunner, Andreas"]
[Black "de Boer, Alex"]
[Result "0-1"]
[WhiteElo "1449"]
[BlackElo "1094"]
[PlyCount "76"]
[EventDate "2019.??.??"]
[WhiteTeam "Berkershm"]
[BlackTeam "SK Bickenbach"]

1. Nf3 Nf6 2. c4 c6 3. b3 d5 4. cxd5 cxd5 5. Bb2 Bf5 6. d3 e6 7. g3 Nc6 8. Bg2
Bb4+ 9. Nbd2 O-O 10. O-O Re8 11. a3 Bd6 12. Nh4 Bg4 13. Nhf3 Bf5 14. Re1 Qb6
15. Bxf6 gxf6 16. e4 Bg6 17. b4 a5 18. exd5 exd5 19. Rxe8+ Rxe8 20. Nb3 axb4
21. a4 Ne5 22. Ne1 Rd8 23. d4 Nc6 24. Rc1 Qa7 25. Nc5 Ne7 26. Qd2 b6 27. Ncd3
Qxa4 28. Nf4 Qa5 29. Qb2 Qa3 30. Qa1 Ra8 31. Qxa3 bxa3 32. Nxg6 fxg6 33. f4 a2
34. Ra1 Bb4 35. Nc2 Bc3 36. Rc1 a1=Q 37. Nxa1 Rxa1 38. Rxa1 Bxa1 0-1

[Event "Sparkassen-Open B"]
[Site "Heusenstamm, Martinsee"]
[Date "2019.11.23"]
[Round "4.57"]
[White "Bakó, Isabella"]
[Black "Hahnenstein, Leon"]
[Result "1-0"]
[WhiteElo "1177"]
[BlackElo "1449"]
[PlyCount "87"]
[EventDate "2019.??.??"]
[WhiteTeam "TSV Langenau"]
[BlackTeam "SC Herborn"]

1. e4 e5 2. Nf3 Nc6 3. d4 exd4 4. c3 dxc3 5. Bc4 f6 6. Nxc3 Bc5 7. Bf7+ Kxf7 8.
Qd5+ Ke8 9. Qxc5 Nge7 10. O-O d6 11. Qe3 Bg4 12. Nd5 Bxf3 13. Qxf3 Ne5 14. Qc3
c6 15. Ne3 Qd7 16. Rd1 Kf8 17. Nc4 Nxc4 18. Qxc4 Ng6 19. Be3 a6 20. Bc5 Qf7 21.
Bxd6+ Ke8 22. Qxf7+ Kxf7 23. Bc7 Rac8 24. Bb6 Rhe8 25. Rd7+ Kg8 26. f3 Re7 27.
Rad1 Rce8 28. Bd8 Rxd7 29. Rxd7 Ne5 30. Rd4 c5 31. Rd5 Nc4 32. b3 Ne5 33. Bc7
c4 34. Bxe5 Rxe5 35. bxc4 Kf7 36. Kf2 Ke6 37. Ke3 f5 38. Kf4 g5+ 39. Ke3 b5 40.
Kd4 Rxd5+ 41. exd5+ Kd6 42. c5+ Kd7 43. Ke5 Ke7 44. c6 1-0

[Event "Sparkassen-Open B"]
[Site "Heusenstamm, Martinsee"]
[Date "2019.11.23"]
[Round "4.58"]
[White "Richter, Tim"]
[Black "Matsoukas, Konstantinos"]
[Result "1-0"]
[WhiteElo "1446"]
[BlackElo "1069"]
[PlyCount "141"]
[EventDate "2019.??.??"]
[WhiteTeam "SF Heidesheim"]
[BlackTeam "Frankfurter TV"]

1. d4 Nf6 2. c4 e6 3. Nc3 d5 4. cxd5 Nxd5 5. Nxd5 Qxd5 6. Nf3 Be7 7. Bf4 Bb4+
8. Bd2 Bxd2+ 9. Qxd2 O-O 10. e3 b6 11. Be2 Bb7 12. O-O Nd7 13. Rfc1 Rac8 14.
Ne1 c6 15. Bf3 Qd6 16. Rc2 Nf6 17. Rac1 Rc7 18. b4 Rfc8 19. b5 Nd7 20. bxc6
Bxc6 21. Bxc6 Rxc6 22. Rxc6 Rxc6 23. Rxc6 Qxc6 24. Qc2 Qxc2 25. Nxc2 g5 26. Kf1
Kf8 27. Ke2 Ke7 28. Kd3 Kd6 29. Na3 a6 30. Nc4+ Kd5 31. Nb2 b5 32. a4 Nb6 33.
axb5 axb5 34. Kc3 Nc4 35. Nxc4 bxc4 36. f3 f5 37. h3 h5 38. g3 h4 39. g4 fxg4
40. e4+ Kc6 41. fxg4 Kb5 42. e5 Kb6 43. Kxc4 Kc6 44. d5+ exd5+ 45. Kd4 Kc7 46.
Kxd5 Kd7 47. e6+ Ke7 48. Ke5 Ke8 49. Kf6 Kf8 50. Kxg5 Ke7 51. Kf5 Ke8 52. Kf6
Kf8 53. g5 Ke8 54. e7 Kd7 55. Kf7 Kd6 56. e8=Q Kd5 57. g6 Kd6 58. Qe6+ Kc5 59.
Qd7 Kc4 60. Ke6 Kc3 61. Qa4 Kd3 62. Kd5 Ke3 63. Qe4+ Kd2 64. Qf3 Kc2 65. Kc4
Kd2 66. Qd3+ Ke1 67. Qc2 Kf1 68. Kd3 Kg1 69. Ke3 Kh1 70. Kf3 Kg1 71. Qg2# 1-0

[Event "Sparkassen-Open B"]
[Site "Heusenstamm, Martinsee"]
[Date "2019.11.23"]
[Round "4.59"]
[White "Winter, Thomas"]
[Black "Kehrein, Lothar"]
[Result "1-0"]
[WhiteElo "1434"]
[BlackElo "981"]
[PlyCount "120"]
[EventDate "2019.??.??"]
[WhiteTeam "SV Oberursel"]
[BlackTeam "SK Gau-Algesheim"]

1. e4 e5 2. Nf3 Nc6 3. Bb5 Nf6 4. Qe2 Bd6 5. c3 O-O 6. O-O a6 7. Ba4 b5 8. Bc2
Bb7 9. Rd1 Ne7 10. d4 Ng6 11. d5 Be7 12. b3 c6 13. d6 Bxd6 14. Rxd6 Qc7 15. Rd1
Nf4 16. Bxf4 exf4 17. e5 Nd5 18. c4 Ne7 19. Qd3 Ng6 20. Qxd7 Qxd7 21. Rxd7 Rab8
22. c5 Bc8 23. Rd4 Be6 24. Bxg6 fxg6 25. Nbd2 Bd5 26. Re1 Rbe8 27. Ne4 h6 28.
Nd6 Re7 29. Nd2 g5 30. f3 Re6 31. Kf2 h5 32. Nf1 g4 33. Rd3 Kh7 34. g3 fxg3+
35. Nxg3 Bxf3 36. Kg1 g6 37. Rde3 h4 38. Ne2 Kh6 39. Nd4 Re7 40. Nxf3 gxf3 41.
Kf2 g5 42. Rxf3 Rxf3+ 43. Kxf3 Kh5 44. h3 Re6 45. Re4 Rg6 46. Rg4 Re6 47. Ke4
Kg6 48. Nf5 Re8 49. Nxh4+ Kh6 50. Nf3 Rg8 51. h4 Kh5 52. Rxg5+ Rxg5 53. hxg5
Kg6 54. b4 Kf7 55. Kf5 Kg7 56. Nd4 Kf7 57. Nxc6 Ke8 58. e6 Kf8 59. Ne5 Ke7 60.
g6 Kf8 1-0

[Event "Sparkassen-Open B"]
[Site "Heusenstamm, Martinsee"]
[Date "2019.11.23"]
[Round "4.60"]
[White "Reinhold, Günther"]
[Black "Sallwey, Rainer"]
[Result "1-0"]
[WhiteElo "1785"]
[BlackElo "1416"]
[PlyCount "31"]
[EventDate "2019.??.??"]
[WhiteTeam "Frankfurter TV"]
[BlackTeam "SK Langen"]

1. e4 d5 2. exd5 Qxd5 3. Nc3 Qd6 4. d4 Nf6 5. Nf3 Bg4 6. Be2 c6 7. h3 Bh5 8. a3
Nbd7 9. g3 Bxf3 10. Bxf3 e5 11. Be3 Nd5 12. Nxd5 cxd5 13. dxe5 Qxe5 14. O-O Be7
15. Re1 Nb6 16. Bxb6 1-0

[Event "Sparkassen-Open B"]
[Site "Heusenstamm, Martinsee"]
[Date "2019.11.23"]
[Round "4.61"]
[White "Laznik, Zeljko"]
[Black "Jansen, Malte"]
[Result "0-1"]
[WhiteElo "1432"]
[BlackElo "790"]
[PlyCount "56"]
[EventDate "2019.??.??"]
[WhiteTeam "SF Heusenstamm"]
[BlackTeam "SC Herborn"]

1. e4 e5 2. Nc3 Nc6 3. Nf3 Bc5 4. Bc4 d6 5. h3 Be6 6. Bb5 Qd7 7. a3 Nf6 8. d3
O-O 9. Ng5 a6 10. Bxc6 Qxc6 11. Nxe6 fxe6 12. Qf3 Rf7 13. Be3 Bd4 14. Kd2 d5
15. Qe2 Raf8 16. Rhf1 b5 17. Bxd4 exd4 18. Nd1 dxe4 19. Kc1 Rd8 20. g4 Rfd7 21.
f4 exd3 22. Qxd3 Ne4 23. Rg1 Nc5 24. Qf3 Rd5 25. Kb1 d3 26. c3 Nb3 27. Rg2 d2
28. Kc2 Nd4+ 0-1

[Event "Sparkassen-Open B"]
[Site "Heusenstamm, Martinsee"]
[Date "2019.11.23"]
[Round "4.63"]
[White "Häfner, Günther"]
[Black "Welker, Alexandra"]
[Result "1/2-1/2"]
[WhiteElo "1323"]
[BlackElo "1441"]
[PlyCount "33"]
[EventDate "2019.??.??"]
[WhiteTeam "Berkershm"]
[BlackTeam "TuS Makkabi"]

1. e4 e5 2. Nf3 Nc6 3. d4 exd4 4. Nxd4 Bc5 5. Be3 Qf6 6. c3 Nxd4 7. Bxd4 Bxd4
8. Qxd4 Qxd4 9. cxd4 d6 10. Nc3 Ne7 11. Nb5 Kd7 12. Rc1 c6 13. Nc3 Kd8 14. Be2
Re8 15. O-O Be6 16. b3 d5 17. e5 1/2-1/2

[Event "Sparkassen-Open B"]
[Site "Heusenstamm, Martinsee"]
[Date "2019.11.23"]
[Round "4.64"]
[White "Carvelli, Nicolas"]
[Black "Fischer, Juliane"]
[Result "0-1"]
[WhiteElo "1459"]
[BlackElo "1369"]
[PlyCount "110"]
[EventDate "2019.??.??"]
[WhiteTeam "SF Seligenstadt"]
[BlackTeam "SK Gernsheim"]

1. d4 d5 2. c4 e6 3. Nc3 Nf6 4. Bg5 Be7 5. Nf3 O-O 6. e3 Nbd7 7. cxd5 Nxd5 8.
Bxe7 Qxe7 9. e4 Nxc3 10. bxc3 e5 11. d5 Nf6 12. Qc2 Bd7 13. c4 Rfe8 14. Be2 Qc5
15. O-O c6 16. Rac1 Rac8 17. Bd3 cxd5 18. cxd5 Qxc2 19. Bxc2 Re7 20. Bd3 Rxc1
21. Rxc1 Bg4 22. Nd2 Ne8 23. f3 Bh5 24. Rc8 f6 25. Nc4 Kf7 26. Bc2 a6 27. Nb6
Rc7 28. Rxc7+ Nxc7 29. d6 Nb5 30. d7 Ke7 31. Kf2 Bf7 32. Bb3 Bxb3 33. axb3 Nc7
34. Ke3 Ne6 35. b4 Nf8 36. Kd3 Nxd7 37. Nxd7 Kxd7 38. Kc4 Kc6 39. g4 b5+ 40.
Kd3 Kb6 41. h4 a5 42. Kc3 axb4+ 43. Kxb4 g6 44. g5 fxg5 45. hxg5 Kc6 46. Kc3
Kc5 47. Kb3 b4 48. Kb2 Kd4 49. Kb3 Ke3 50. Kxb4 Kxf3 51. Kc5 Kxe4 52. Kd6 Kf4
53. Ke6 e4 54. Kf7 e3 55. Kg7 Kxg5 0-1

[Event "Sparkassen-Open B"]
[Site "Heusenstamm, Martinsee"]
[Date "2019.11.23"]
[Round "4.65"]
[White "Deiringer, Julius"]
[Black "Grünzig, Matthias"]
[Result "0-1"]
[WhiteElo "1181"]
[BlackElo "1457"]
[PlyCount "106"]
[EventDate "2019.??.??"]
[WhiteTeam "SV Jedesheim"]
[BlackTeam "Berkershm"]

1. e4 d5 2. exd5 Qxd5 3. Nc3 Qa5 4. d4 c6 5. Nf3 Nf6 6. Bc4 Bg4 7. O-O e6 8. a3
Bd6 9. Re1 O-O 10. Qd3 Nbd7 11. Bd2 Qc7 12. h3 Bf5 13. Qe3 Bxc2 14. Rac1 Bg6
15. Qg5 Nb6 16. Ba2 Be7 17. Qe3 Nbd5 18. Nxd5 Nxd5 19. Bxd5 Bf6 20. Ba2 Qb6 21.
Bc3 a5 22. Ne5 Qc7 23. Nxg6 hxg6 24. Qf3 Qd6 25. Qg3 Qd7 26. Qf4 Qd8 27. Rcd1
Bg5 28. Qe4 Re8 29. Rd3 Bh6 30. Rg3 Qd6 31. Qe5 Qxe5 32. dxe5 Red8 33. Kf1 c5
34. Ke2 Rd7 35. Rd3 Rad8 36. Red1 Rxd3 37. Rxd3 Rxd3 38. Kxd3 Bg5 39. Bxa5 Bc1
40. Kc2 Bf4 41. Bc3 Kf8 42. Kb3 b5 43. Bb1 Ke7 44. Bd3 b4 45. axb4 cxb4 46.
Bxb4+ Kd7 47. Bd6 Bd2 48. Kc4 Be1 49. f3 g5 50. b4 f6 51. b5 Bg3 52. Kd4 Bf2+
53. Ke4 f5# 0-1

[Event "Sparkassen-Open B"]
[Site "Heusenstamm, Martinsee"]
[Date "2019.11.23"]
[Round "4.67"]
[White "Laux, Filip"]
[Black "Mook, Karl-Jürgen"]
[Result "1-0"]
[WhiteElo "1129"]
[BlackElo "1513"]
[PlyCount "37"]
[EventDate "2019.??.??"]
[WhiteTeam "VSG Offenbach"]
[BlackTeam "SC Sulzbach"]

1. e4 e5 2. Nf3 Nc6 3. Bc4 Bc5 4. c3 Nf6 5. d3 O-O 6. Nbd2 a6 7. O-O d6 8. Bb3
h6 9. h3 d5 10. Re1 Re8 11. exd5 Nxd5 12. Nc4 Qf6 13. d4 Ba7 14. dxe5 Nxe5 15.
Ncxe5 Nf4 16. Bxf7+ Kf8 17. Bxe8 Nxh3+ 18. gxh3 Bxh3 19. Nd7+ 1-0

[Event "Sparkassen-Open B"]
[Site "Heusenstamm, Martinsee"]
[Date "2019.11.23"]
[Round "4.68"]
[White "Benz, Jürgen"]
[Black "Merz, Leander"]
[Result "1-0"]
[WhiteElo "1402"]
[BlackElo "1164"]
[PlyCount "61"]
[EventDate "2019.??.??"]
[WhiteTeam "SK Bad Homburg"]
[BlackTeam "Schachforum Darmstadt"]

1. e4 e6 2. d4 d5 3. e5 c5 4. c3 Nc6 5. Nf3 Qb6 6. Be2 Nge7 7. O-O Nf5 8. g4
Nh6 9. h3 cxd4 10. cxd4 f6 11. Bxh6 gxh6 12. exf6 Qxb2 13. Nbd2 Nxd4 14. Nxd4
Qxd4 15. f7+ Kxf7 16. Qc2 Bd6 17. Nf3 Qc5 18. Qb2 Rf8 19. Ne5+ Bxe5 20. Qxe5
Qe7 21. Rac1 Qf6 22. Rc7+ Kg8 23. Qe3 Rf7 24. Rfc1 d4 25. Rxc8+ Rxc8 26. Rxc8+
Kg7 27. Qg3 Qg6 28. Bd3 Qg5 29. Qb8 Qd2 30. Qe5+ Rf6 31. Rc7+ 1-0

[Event "Sparkassen-Open B"]
[Site "Heusenstamm, Martinsee"]
[Date "2019.11.23"]
[Round "4.69"]
[White "Neininger, Sarah"]
[Black "Peschk, Kathrin"]
[Result "0-1"]
[WhiteElo "1255"]
[BlackElo "1411"]
[PlyCount "99"]
[EventDate "2019.??.??"]
[WhiteTeam "SV Oberursel"]
[BlackTeam "SV Groß-Gerau"]

1. e4 e5 2. Nf3 Nc6 3. d4 exd4 4. Bc4 Bc5 5. c3 dxc3 6. Bxf7+ Kxf7 7. Qd5+ Ke8
8. Qxc5 cxb2 9. Bxb2 d6 10. Qe3 Nf6 11. O-O Bg4 12. Nbd2 Qe7 13. Rfe1 Kd7 14.
Qf4 Be6 15. e5 Nd5 16. Qe4 Raf8 17. Nd4 Rf4 18. Qd3 Nxe5 19. Qb5+ Kc8 20. N2f3
Nxf3+ 21. Nxf3 Rb4 22. Qxd5 Bxd5 23. Rxe7 Rxb2 24. Rxg7 Rf8 25. Re1 Bxf3 26.
gxf3 Rxa2 27. Ree7 Rc2 28. Rxh7 a5 29. Re4 Rg8+ 30. Rg4 Rxg4+ 31. fxg4 a4 32.
g5 a3 33. Rh3 a2 34. Ra3 Rc1+ 35. Kg2 a1=Q 36. Rxa1 Rxa1 37. g6 Re1 38. h4 Re4
39. h5 Re5 40. f3 Rxh5 41. f4 Rh8 42. Kg3 Kd7 43. f5 Ke7 44. Kg4 Kf6 45. Kf4
Re8 46. Kg4 b5 47. Kh5 b4 48. g7 Kxg7 49. Kg5 Kf7 50. f6 0-1

[Event "Sparkassen-Open B"]
[Site "Heusenstamm, Martinsee"]
[Date "2019.11.23"]
[Round "4.70"]
[White "Wohlgemuth, Wolfgang"]
[Black "Bondarevsky, David"]
[Result "1/2-1/2"]
[WhiteElo "1190"]
[BlackElo "1403"]
[PlyCount "46"]
[EventDate "2019.??.??"]
[WhiteTeam "TG Biberach"]
[BlackTeam "TuS Makkabi"]

1. d4 d5 2. c4 e6 3. Nc3 Nf6 4. Bg5 c6 5. e4 Be7 6. Bd3 dxe4 7. Nxe4 Nxe4 8.
Bxe7 Qxe7 9. Bxe4 Qb4+ 10. Qd2 Qxc4 11. b3 Qb5 12. Ne2 Nd7 13. O-O Nf6 14. Bd3
Qb6 15. Qg5 O-O 16. Rac1 Qd8 17. Qh4 h6 18. Rc5 Nd7 19. Qe4 Nf6 20. Qh4 Nh7 21.
Qe4 Nf6 22. Qh4 Nh7 23. Qe4 Nf6 1/2-1/2

[Event "Sparkassen-Open B"]
[Site "Heusenstamm, Martinsee"]
[Date "2019.11.23"]
[Round "4.71"]
[White "Follert, Christian"]
[Black "Lochmann, Tobias"]
[Result "1-0"]
[WhiteElo "1392"]
[BlackElo "1158"]
[PlyCount "71"]
[EventDate "2019.??.??"]
[WhiteTeam "SF Seligenstadt"]
[BlackTeam "SV Groß-Gerau"]

1. d4 g6 2. Bf4 Bg7 3. e3 Nf6 4. Be2 d5 5. Nd2 O-O 6. h3 Nc6 7. Ngf3 Bf5 8. c3
Ne4 9. Nxe4 Bxe4 10. O-O Na5 11. b3 c6 12. Bh2 b6 13. a3 c5 14. Be5 f6 15. Bg3
cxd4 16. cxd4 Bf5 17. Bd3 e5 18. dxe5 Be6 19. exf6 Bxf6 20. Nd4 Bd7 21. Rb1 Nc6
22. Nb5 d4 23. Bc4+ Kh8 24. Nxd4 Nxd4 25. exd4 Bf5 26. Rc1 Bd7 27. Re1 b5 28.
Bd5 Rb8 29. Bxb8 Qxb8 30. Be6 Bxe6 31. Rxe6 Bg5 32. Rcc6 Bf4 33. d5 Bh2+ 34.
Kf1 Qf4 35. Qe2 Qc1+ 36. Rxc1 1-0

[Event "Sparkassen-Open B"]
[Site "Heusenstamm, Martinsee"]
[Date "2019.11.23"]
[Round "4.73"]
[White "Moissl, Julian"]
[Black "Tobias, Karolin"]
[Result "1-0"]
[WhiteElo "915"]
[BlackElo "1261"]
[PlyCount "63"]
[EventDate "2019.??.??"]
[WhiteTeam "SK Bad Homburg"]
[BlackTeam "SV Oberursel"]

1. d4 d5 2. c4 dxc4 3. Nc3 Nf6 4. Bg5 e6 5. e3 Be7 6. Bxc4 O-O 7. Nf3 b6 8. O-O
Bb7 9. Re1 Nbd7 10. a3 c5 11. d5 exd5 12. Nxd5 Nxd5 13. Bxd5 Bxd5 14. Bxe7 Bxf3
15. Qxf3 Qxe7 16. Qb7 Qe6 17. Red1 Ne5 18. f4 Ng6 19. Rd3 Rfd8 20. Rad1 Rxd3
21. Qxa8+ Nf8 22. Rxd3 Qe7 23. Kf2 g6 24. b4 cxb4 25. axb4 Qxb4 26. Qxa7 Qc5
27. Rd8 Kg7 28. Kf3 Ne6 29. Rb8 Qh5+ 30. Kg3 g5 31. Qa1+ Kg6 32. Rg8+ 1-0

[Event "Sparkassen-Open B"]
[Site "Heusenstamm, Martinsee"]
[Date "2019.11.23"]
[Round "5.1"]
[White "Behr, Julian"]
[Black "Goff, Simon"]
[Result "1/2-1/2"]
[WhiteElo "1562"]
[BlackElo "1780"]
[PlyCount "34"]
[EventDate "2019.??.??"]
[WhiteTeam "SC Landskrone"]
[BlackTeam "SK Gießen"]

1. e4 g6 2. d4 Bg7 3. Nf3 d6 4. Bc4 Nf6 5. Nc3 O-O 6. O-O Nxe4 7. Nxe4 d5 8.
Bd3 dxe4 9. Bxe4 c6 10. c3 Qc7 11. Re1 Nd7 12. Bc2 e5 13. dxe5 Nxe5 14. Bf4
Nxf3+ 15. Qxf3 Qb6 16. Bb3 c5 17. Rad1 Qf6 1/2-1/2

[Event "Sparkassen-Open B"]
[Site "Heusenstamm, Martinsee"]
[Date "2019.11.23"]
[Round "5.2"]
[White "Lasschuit, Rene"]
[Black "Suliga, Eckhard"]
[Result "1/2-1/2"]
[WhiteElo "1761"]
[BlackElo "1656"]
[PlyCount "58"]
[EventDate "2019.??.??"]
[WhiteTeam "SV Berolina Mitte"]
[BlackTeam "SC Lüneburg"]

1. g3 e5 2. c4 Nf6 3. Bg2 d5 4. cxd5 Nxd5 5. Nc3 Nb6 6. Nf3 Nc6 7. O-O Be7 8.
d3 O-O 9. Be3 Bg4 10. h3 Be6 11. Rc1 Qd7 12. Kh2 Nd5 13. Bd2 Rfd8 14. a3 a5 15.
Ne4 f6 16. Nc5 Bxc5 17. Rxc5 Nde7 18. Be1 b6 19. Rc1 Rac8 20. Qa4 Nd4 21. Qxd7
Rxd7 22. Nxd4 exd4 23. Bd2 Nd5 24. Rc6 Kf7 25. Ra1 Ne7 26. Rcc1 a4 27. g4 c5
28. Bf4 Bb3 29. Kg1 Nd5 1/2-1/2

[Event "Sparkassen-Open B"]
[Site "Heusenstamm, Martinsee"]
[Date "2019.11.23"]
[Round "5.3"]
[White "Weyerer, Noah"]
[Black "Zerhusen, Martin"]
[Result "1-0"]
[WhiteElo "1362"]
[BlackElo "1691"]
[PlyCount "137"]
[EventDate "2019.??.??"]
[WhiteTeam "SV Oberursel"]
[BlackTeam "SV Oberursel"]

1. f4 d5 2. Nf3 c5 3. e3 Nc6 4. Bb5 Bd7 5. O-O e6 6. Bxc6 Bxc6 7. d3 g6 8. Qe2
Bg7 9. Nbd2 b6 10. Ne5 Qc7 11. Nxc6 Qxc6 12. c3 Nf6 13. Nf3 O-O 14. Ne5 Qc7 15.
Bd2 Rfd8 16. Be1 Rac8 17. Bh4 Re8 18. Bxf6 Bxf6 19. Ng4 Bg7 20. Rf3 c4 21. d4
f5 22. Nf2 Bf6 23. Rh3 Re7 24. g4 Rg7 25. g5 Be7 26. Rg3 b5 27. h4 a5 28. h5
Rb8 29. hxg6 hxg6 30. Rh3 Rh7 31. Rxh7 Kxh7 32. Kg2 Rh8 33. Rh1+ Kg8 34. Rxh8+
Kxh8 35. Qf3 Bd6 36. Qh3+ Qh7 37. Qxh7+ Kxh7 38. Kf3 b4 39. Ke2 a4 40. cxb4
Bxb4 41. Kd1 Kg7 42. Kc2 Kf7 43. b3 axb3+ 44. axb3 cxb3+ 45. Kxb3 Bd2 46. Nd1
Ke7 47. Kc2 Bb4 48. Nf2 Bd6 49. Nd3 Kf7 50. Kb3 Be7 51. Ka4 Bd6 52. Nc5 Ke7 53.
Kb5 Bc7 54. Nd3 Kf7 55. Ne5+ Kg7 56. Kc6 Ba5 57. Nf3 Kf7 58. Kd7 Bb4 59. Ne5+
Kg7 60. Kxe6 Bd2 61. Kxd5 Bxe3 62. Nd3 Kf7 63. Ke5 Ke7 64. d5 Bd2 65. d6+ Kf7
66. Kd5 Ke8 67. Ke6 Bc3 68. d7+ Kd8 69. Nc5 1-0

[Event "Sparkassen-Open B"]
[Site "Heusenstamm, Martinsee"]
[Date "2019.11.23"]
[Round "5.4"]
[White "Denz, Markus"]
[Black "Gude, Michael"]
[Result "1/2-1/2"]
[WhiteElo "1400"]
[BlackElo "1685"]
[PlyCount "80"]
[EventDate "2019.??.??"]
[WhiteTeam "SC Hattersheim"]
[BlackTeam "Frankfurter TV"]

1. d4 e6 2. c4 f5 3. g3 Nf6 4. Bg2 Bb4+ 5. Bd2 Be7 6. Nc3 O-O 7. Nf3 Ne4 8. O-O
Nxd2 9. Qxd2 d6 10. e4 fxe4 11. Nxe4 d5 12. cxd5 exd5 13. Nc5 b6 14. Nd3 Bf6
15. Rac1 Nd7 16. Qc2 Ba6 17. Rfd1 Bxd3 18. Rxd3 Rc8 19. Qc6 Nb8 20. Qb7 c6 21.
Qxa7 Nd7 22. Qa3 Re8 23. Re3 Rxe3 24. Qxe3 c5 25. Qe6+ Kh8 26. Qxd5 cxd4 27.
Rxc8 Qxc8 28. Nxd4 Ne5 29. Nc6 Nxc6 30. Qxc6 Qxc6 31. Bxc6 Bxb2 32. f4 Kg8 33.
Kf2 Bd4+ 34. Kf3 Kf7 35. g4 h6 36. h4 Bc5 37. a4 Be7 38. g5 hxg5 39. hxg5 Bc5
40. Ke4 Ke7 1/2-1/2

[Event "Sparkassen-Open B"]
[Site "Heusenstamm, Martinsee"]
[Date "2019.11.23"]
[Round "5.5"]
[White "Raghavan, Badrinarayanan"]
[Black "Kähm, Kevin"]
[Result "1-0"]
[WhiteElo "1642"]
[BlackElo "1468"]
[PlyCount "65"]
[EventDate "2019.??.??"]
[WhiteTeam "SK Gießen"]
[BlackTeam "SK Bischofsheim"]

1. e4 d6 2. c4 Nf6 3. d3 g6 4. Nc3 Bg7 5. g3 O-O 6. Bg2 c6 7. Nge2 Bg4 8. O-O
e5 9. Be3 Nbd7 10. h3 Be6 11. f4 exf4 12. Nxf4 Qc7 13. Nxe6 fxe6 14. Qd2 e5 15.
Kh2 b6 16. Bh6 a5 17. Bxg7 Kxg7 18. Rad1 Rad8 19. d4 exd4 20. Qxd4 Ne5 21. b3
Rf7 22. Ne2 c5 23. Qc3 Kg8 24. Nf4 Qe7 25. a3 Qe8 26. b4 axb4 27. axb4 g5 28.
Nd5 Neg4+ 29. hxg4 Nxg4+ 30. Kg1 Rxf1+ 31. Rxf1 Qh5 32. Nf6+ Nxf6 33. Qxf6 1-0

[Event "Sparkassen-Open B"]
[Site "Heusenstamm, Martinsee"]
[Date "2019.11.23"]
[Round "5.6"]
[White "Plattner, Rolf"]
[Black "Fischer, Lutz"]
[Result "0-1"]
[WhiteElo "1787"]
[BlackElo "1679"]
[PlyCount "58"]
[EventDate "2019.??.??"]
[WhiteTeam "SK Langen"]
[BlackTeam "SF Frankfurt"]

1. e4 e6 2. d4 d5 3. Nc3 Bb4 4. exd5 exd5 5. Bd3 Ne7 6. Nf3 O-O 7. O-O c6 8.
Ne2 Bf5 9. Ng3 Bxd3 10. Qxd3 Ng6 11. Ne5 Nxe5 12. dxe5 Nd7 13. f4 Bc5+ 14. Kh1
Qc7 15. Bd2 Rfe8 16. b4 Bf8 17. c4 dxc4 18. Qxc4 Nb6 19. Qb3 Rad8 20. Ne4 Rd4
21. Qe3 Red8 22. Nd6 Rd5 23. Bc3 Bxd6 24. exd6 Qxd6 25. Be5 Qxb4 26. Qg3 Qf8
27. Rae1 Rd3 28. Bxg7 Qxg7 29. Re8+ Rxe8 0-1

[Event "Sparkassen-Open B"]
[Site "Heusenstamm, Martinsee"]
[Date "2019.11.23"]
[Round "5.7"]
[White "Bauer, Ottmar"]
[Black "Heun, Andreas"]
[Result "1/2-1/2"]
[WhiteElo "1782"]
[BlackElo "1640"]
[PlyCount "64"]
[EventDate "2019.??.??"]
[WhiteTeam "TSV Rottendorf"]
[BlackTeam "SC Ladja Roßdorf"]

1. e4 c5 2. Nf3 g6 3. d4 cxd4 4. Nxd4 Bg7 5. Nc3 Nc6 6. Be3 Qa5 7. Qd2 Nf6 8.
Nb3 Qd8 9. f3 O-O 10. O-O-O a5 11. a4 d6 12. h4 Be6 13. Nd4 Nxd4 14. Bxd4 Nh5
15. Bxg7 Kxg7 16. Bb5 Rc8 17. g4 Nf6 18. Qd4 Kg8 19. h5 Nd7 20. hxg6 fxg6 21.
Bxd7 Qxd7 22. Rh3 Rc4 23. Qe3 b5 24. Rdh1 Rf7 25. axb5 a4 26. Qb6 a3 27. Qa5
axb2+ 28. Kxb2 Rc5 29. Rb1 Bc4 30. Kc1 Qc8 31. Qa6 Qxa6 32. bxa6 Bxa6 1/2-1/2

[Event "Sparkassen-Open B"]
[Site "Heusenstamm, Martinsee"]
[Date "2019.11.23"]
[Round "5.8"]
[White "Meyer, Marcel"]
[Black "Bastian, Ben"]
[Result "1/2-1/2"]
[WhiteElo "1777"]
[BlackElo "1632"]
[PlyCount "136"]
[EventDate "2019.??.??"]
[WhiteTeam "SC Herborn"]
[BlackTeam "SC Herborn"]

1. d4 d5 2. c4 c6 3. Nf3 Nf6 4. Nc3 Bg4 5. Ne5 dxc4 6. Nxg4 Nxg4 7. e4 Nf6 8.
Bxc4 e6 9. Be3 Bb4 10. f3 Nbd7 11. O-O O-O 12. a3 Ba5 13. b4 Bb6 14. Qd2 Ne5
15. Bb3 Ng6 16. Rfd1 Qc7 17. Rac1 Qd7 18. a4 Rfd8 19. Qf2 Qe7 20. Na2 Rd7 21.
Rd2 Rad8 22. Rcd1 a5 23. b5 cxb5 24. axb5 Ra8 25. d5 Bxe3 26. Qxe3 a4 27. d6
Qf8 28. Bc4 Ne5 29. Be2 Rc8 30. Qd4 Ng6 31. Qxa4 Rcd8 32. Qb4 Ne8 33. Nc1 Rxd6
34. Rxd6 Rxd6 35. Rxd6 Qxd6 36. Qxd6 Nxd6 37. Nb3 Ne5 38. Nc5 b6 39. Na4 Nd7
40. Kf2 Nb7 41. Ke3 Nbc5 42. Nb2 Kf8 43. Nc4 Ke7 44. Kd4 Nb7 45. f4 Nd6 46. Ne3
Nb7 47. Bf3 Nd6 48. Be2 Nb7 49. g4 f6 50. Kc3 Nd6 51. Kd4 Nb7 52. h4 Nbc5 53.
Nc4 Nb3+ 54. Ke3 e5 55. f5 Nd4 56. Nb2 Nxe2 57. Kxe2 Kd6 58. Na4 h6 59. Kf3 Kc7
60. g5 h5 61. Nc3 Kd6 62. Na4 Kc7 63. Ke3 Nc5 64. Nxc5 bxc5 65. gxf6 gxf6 66.
Kd3 Kb7 67. Kc3 Kc7 68. Kb3 Kb7 1/2-1/2

[Event "Sparkassen-Open B"]
[Site "Heusenstamm, Martinsee"]
[Date "2019.11.23"]
[Round "5.9"]
[White "Ilievski, Kosto"]
[Black "Eremenko, Christian"]
[Result "0-1"]
[WhiteElo "1678"]
[BlackElo "1768"]
[PlyCount "98"]
[EventDate "2019.??.??"]
[WhiteTeam "SC Groß-Zimmern"]
[BlackTeam "SV Großauheim"]

1. Nf3 Nf6 2. d4 d5 3. Bf4 e6 4. e3 Bd6 5. Bxd6 cxd6 6. Bb5+ Nc6 7. Bxc6+ bxc6
8. O-O Qb6 9. b3 Ba6 10. Re1 O-O 11. Nbd2 Rfc8 12. Rc1 Qa5 13. a4 Qc3 14. Nb1
Qa5 15. Qd2 Qb6 16. a5 Qc7 17. Red1 Rab8 18. b4 Rb7 19. c3 Ne4 20. Qa2 Rcb8 21.
Nfd2 c5 22. Nxe4 dxe4 23. dxc5 dxc5 24. Qd2 cxb4 25. cxb4 Qe7 26. Qd6 Qxd6 27.
Rxd6 Bd3 28. Rdc6 g6 29. h3 Rxb4 30. Rc8+ Rxc8 31. Rxc8+ Kg7 32. Nc3 Rb3 33.
Rc5 Ra3 34. f3 exf3 35. gxf3 a6 36. Kf2 Ra1 37. Kg3 h6 38. h4 f5 39. e4 g5 40.
hxg5 hxg5 41. exf5 exf5 42. Nd5 f4+ 43. Nxf4 gxf4+ 44. Kxf4 Bb5 45. Kf5 Rxa5
46. Rc7+ Kh6 47. f4 Bd3+ 48. Kf6 Rf5+ 49. Ke7 Rxf4 0-1

[Event "Sparkassen-Open B"]
[Site "Heusenstamm, Martinsee"]
[Date "2019.11.23"]
[Round "5.10"]
[White "Draxler, Gottfried"]
[Black "Traut, Stefan"]
[Result "1/2-1/2"]
[WhiteElo "1762"]
[BlackElo "1585"]
[PlyCount "70"]
[EventDate "2019.??.??"]
[WhiteTeam "SF Neuberg"]
[BlackTeam "SF Heusenstamm"]

1. c4 b6 2. e3 Bb7 3. Nf3 Nf6 4. Nc3 e6 5. d4 d5 6. cxd5 Nxd5 7. Bd2 Be7 8. Rc1
O-O 9. Be2 Nd7 10. O-O Rc8 11. a3 c5 12. dxc5 Bxc5 13. b4 Bd6 14. Nd4 N7f6 15.
f3 Bb8 16. Nxd5 Qxd5 17. Qb3 Qxb3 18. Nxb3 Rfd8 19. Rxc8 Rxc8 20. Rc1 Rxc1+ 21.
Bxc1 a6 22. g3 Bd6 23. Kf2 Kf8 24. Bb2 Nd7 25. e4 f6 26. Ke3 Ke7 27. f4 g6 28.
h3 e5 29. Nd2 b5 30. Bd1 Bc7 31. Bb3 Bb6+ 32. Kd3 Bc7 33. Ke3 Bb6+ 34. Kd3 Bc7
35. Ke3 Bb6+ 1/2-1/2

[Event "Sparkassen-Open B"]
[Site "Heusenstamm, Martinsee"]
[Date "2019.11.23"]
[Round "5.11"]
[White "Röth, Alexander"]
[Black "Spelleken, Hans-Gerd"]
[Result "1-0"]
[WhiteElo "1634"]
[BlackElo "1753"]
[PlyCount "63"]
[EventDate "2019.??.??"]
[WhiteTeam "Schachforum Darmstadt"]
[BlackTeam "SC Kahl"]

1. d4 Nf6 2. Bf4 d5 3. e3 c5 4. c3 Nc6 5. Nd2 Bg4 6. Qb3 Qd7 7. Ngf3 c4 8. Qc2
Bf5 9. Qc1 h6 10. b3 b5 11. a4 bxa4 12. bxc4 Na5 13. Ne5 Qb7 14. Qa3 Nxc4 15.
Ndxc4 Qb3 16. Nb2 Rb8 17. Qxa4+ Bd7 18. Nxd7 Qxc3+ 19. Kd1 Nxd7 20. Bxb8 Qxb2
21. Bb5 Kd8 22. Rc1 e5 23. Bc7+ Ke7 24. Bxd7 Qxf2 25. Bd8+ Kxd8 26. Rc8+ Ke7
27. Re8+ Kf6 28. Qc6+ Kg5 29. Rxe5+ f5 30. h4+ Kh5 31. Be8+ Kg4 32. Qg6# 1-0